000 00455nab a2200145Ia 4500
003 ES-SlBCS
005 20210601132851.0
008 140529s1961 xxu||||| |||| 00| 0 ita d
041 _aita
100 1 _aPignoloni, Emilio
_9199644
245 0 0 _aRosminianesimo e filosofia cristiana
_c Emilio Pignoloni
600 1 4 _aRosmini-Filosofía Cristiana
_9199645
773 0 _tGiornali di Metafisica
_gvol. 16, nº. 2, 1961, págs. 291-303
_w0017-0372
942 _cAR
999 _c586895
_d586895